¿Quién mato al embajador? (Registro nro. 30798)
[ vista simple ]
| 000 -LÍDER | |
|---|---|
| campo de control de longitud fija | 00587nam a22001937a 4500 |
| 005 - FECHA Y HORA DE LA ÚLTIMA | |
| campo de control | 20240812105618.0 |
| 008 - ELEMENTOS DE DATOS DE LONGITUD FIJA - INFORMACIÓN GENERAL | |
| campo de control de longitud fija | 240812t19741975sp ||||| |||| 00| 0 spa d |
| 020 ## - NÚMERO INTERNACIONAL NORMALIZADO DEL LIBRO | |
| Número de libro estándar internacional | 8401301378 |
| 040 ## - FUENTE DE CATALOGACIÓN | |
| Agencia de catalogación original | CO-JMCR |
| Agencia de transcripción | CO-JMCR |
| Agencia modificadora | CO-JMCR |
| Convenciones de descripción | rda |
| 041 ## - CÓDIGO DE IDIOMA | |
| Código de idioma del texto/pista de sonido o título independiente | spa |
| 082 ## - NÚMERO DE CLASIFICACIÓN DECIMAL DEWEY | |
| Número de clasificación | A-N |
| Número de artículo | VAZq |
| 100 ## - ENTRADA PRINCIPAL - NOMBRE PERSONAL | |
| Término relativo | autor |
| Nombre personal | Vásquez Fígueroa , Alberto, |
| 9 (RLIN) | 43784 |
| 245 ## - DECLARACIÓN DEL TÍTULO | |
| Título | ¿Quién mato al embajador? |
| Declaración de responsabilidad, etc. | Alberto Vásquez Fígueroa |
| 260 ## - PUBLICACIÓN, DISTRIBUCIÓN, ETC. | |
| Lugar de publicación, distribución, etc. | España |
| Nombre del editor, distribuidor, etc. | Plaza & Janés |
| Fecha de publicación, distribución, etc. | 1974 |
| 300 ## - DESCRIPCIÓN FÍSICA | |
| Medida | 233 páginas |
| Dimensiones | 20 cm |
| 650 14 - ENTRADA AÑADIDA DE ASUNTO - TÉRMINO TEMÁTICO | |
| Fuente del encabezado o término | JMCR |
| -- | Literatura Española |
| 9 (RLIN) | 555 |
| 650 24 - ENTRADA AÑADIDA DE ASUNTO - TÉRMINO TEMÁTICO | |
| Fuente del encabezado o término | JMCR |
| -- | Novela policiaca |
| 9 (RLIN) | 214 |
| 942 ## - ELEMENTOS DE ENTRADA AÑADIDOS (KOHA) | |
| Source of classification or shelving scheme | Dewey Decimal Classification |
| Tipo de artículo Koha | Books |
| 999 ## - | |
| -- | 30798 |
| -- | 17182 |
| Estado retirado |
|---|